LEADER 01247nam--2200385---450- 001 990000947270203316 005 20091001101851.0 010 $a88-348-1173-9 035 $a0094727 035 $aUSA010094727 035 $a(ALEPH)000094727USA01 035 $a0094727 100 $a20020205d2001----km-y0itay0103----ba 101 $aita 102 $aIT 105 $a||||||||001yy 200 1 $aAtti del convegno sul processo civile$equarto ciclo di seminari di studi$fa cura di Ciro Falanga, Gennaro Torrese 210 $aTorino$cG.Giappichelli$dcopyr.2001 215 $aVIII, 207 p.$d24 cm 461 1$1001-------$12001 606 0 $aProcesso civile$xLegislazione$xCongressi$z2001 676 $a347.450702638 702 1$aFALANGA,$bCiro 702 1$aTORRESE,$bGennaro 710 12$aConvegno sul Processo Civile$0552391 912 $a990000947270203316 951 $aXXVII.1.B. 234 (IG IX 343 A)$b31526 G.$cXXVII.1.B. 234 (IG IX)$a00078280 959 $aBK 969 $aGIU 979 $aPAOLA$b90$c20020205$lUSA01$h1749 979 $c20020403$lUSA01$h1737 979 $aPATRY$b90$c20040406$lUSA01$h1705 979 $aRSIAV2$b90$c20091001$lUSA01$h1018 996 $aAtti del convegno sul processo civile$9973896 997 $aUNISA